MARC

LEADER 00000nam0a2200000 4500
001 34292
005 20231030224802.0
035 |a (RuTPU)RU\TPU\book\34678 
035 |a BOOK00001329 
090 |a 34292 
100 |a 20011210d1973 m y0rusy50 ca 
101 0 |a rus 
102 |a RU 
105 |a a j 000zy 
200 1 |a Общая геохимия. Краткий курс  |e учебное пособие  |f А. И. Тугаринов 
210 |a Москва  |c Атомиздат  |d 1973 
215 |a 288 с. 
610 1 |a геохимия 
610 1 |a элементы 
610 1 |a кристаллохимия 
610 1 |a гипергенез 
610 1 |a осадкообразование 
610 1 |a магматизм 
610 1 |a геохимия изотопов 
610 1 |a учебные пособия 
610 1 |a Земля 
610 1 |a геохимическая эволюция 
675 |a 550.4(075.8)  |v 3 
700 1 |a Тугаринов  |b А. И.  |g Алексей Иванович 
801 0 |a RU  |b 63413507  |c 20011210  |g PSBO 
801 2 |a RU  |b 63413507  |c 20201123  |g PSBO 
900 |a Геохимия 
900 |a Геохимия, геохимический мониторинг окружающей среды 
942 |c BK